000 00658cam a2200205 i 4500
005 20251110090734.0
008 250721s2021 xx gr 000 0 ara d
020 _a9789950043329
082 1 4 _a158
_bف ر ح
100 1 _aفرحات، رشا
_eمؤلف.
245 1 0 _aقابل للتعديل :
_bكلام يمكنه ان يغيرنا /
_cرشا فرحات.
250 _aالطبعة الاولى.
264 3 1 _aغزة :
_bمكتبة سمير منصور للطباعة،
_c2021.
300 _a223 صفحة.
650 1 7 _aالنجاح.
650 1 7 _aالرضا.
650 1 7 _aالسعادة.
942 _2ddc
_cBK
999 _c144023
_d144023